[Event "Shropshire Intermediate"]
[Site "Telford"]
[Date "2024.01.13"]
[Round "3.2"]
[White "Thimmegowda, Krishnaswaroop"]
[Black "Brown, Victor"]
[Result "1-0"]
[WhiteElo "1669"]
[BlackElo "1525"]
[Annotator "Van Kemenade, Rudy"]
[PlyCount "63"]
[EventDate "2024.01.12"]
[EventType "swiss"]
[EventRounds "5"]
[EventCountry "ENG"]
[SourceTitle "BritBase"]
[Source "John Saunders"]
[SourceDate "2024.04.05"]
[SourceVersion "1"]
[SourceVersionDate "2024.04.05"]
[SourceQuality "1"]

1. c4 e5 2. g3 c6 3. Bg2 Nf6 4. Nc3 d6 (4... d5 {main}) 5. Nf3 (5. d4) 5... Be7
6. e3 (6. O-O) (6. d3) 6... Bg4 $146 (6... O-O $11 {4.5-0.5}) 7. h3 Bxf3 8.
Bxf3 Nbd7 (8... d5 $14) 9. d4 exd4 10. exd4 $14 (10. Qxd4 $16 {SF16}) 10... Rb8
11. O-O O-O 12. Bf4 Rc8 13. Re1 $16 Re8 14. Rc1 a6 15. Ne4 (15. b3 Nf8 16. d5
c5 17. Kg2 $16 {SF16}) 15... Nxe4 16. Bxe4 Bg5 (16... Bf8 17. Qb3 Nf6 18. Bf3
Qd7 19. Bg5 Rxe1+ 20. Rxe1 Re8 21. Rxe8 Nxe8 22. Kg2 $14 {Sf16}) 17. Bxh7+ Kxh7
18. Rxe8 Qxe8 19. Bxg5 $18 f6 20. Bf4 d5 21. cxd5 cxd5 22. Rxc8 Qxc8 23. Qh5+
Kg8 24. Qxd5+ Kh8 25. h4 Nf8 26. Kg2 Ne6 27. Be3 g6 28. h5 g5 29. Qe4 Qc6 30.
d5 Nc5 31. dxc6 Nxe4 32. cxb7 1-0

[Event "Shropshire Intermediate"]
[Site "Telford"]
[Date "2024.01.14"]
[Round "4.1"]
[White "Gillett, John"]
[Black "Thimmegowda, Krishnaswaroop"]
[Result "1-0"]
[WhiteElo "1697"]
[BlackElo "1669"]
[Annotator "Van Kemenade, Rudy"]
[PlyCount "57"]
[EventDate "2024.01.12"]
[EventType "swiss"]
[EventRounds "5"]
[EventCountry "ENG"]
[SourceTitle "BritBase"]
[Source "John Saunders"]
[SourceDate "2024.04.05"]
[SourceVersion "1"]
[SourceVersionDate "2024.04.05"]
[SourceQuality "1"]

1. d4 d5 2. c4 e6 3. Nf3 Nf6 4. g3 c5 5. Bg2 (5. cxd5 {main line}) 5... Nc6 6.
O-O Be7 7. dxc5 (7. cxd5) (7. Nc3 {main lines}) 7... O-O 8. cxd5 Qxd5 9. Be3 (
9. Nc3 {1-3-1}) 9... Qxd1 $146 (9... Qh5 {1 Wh win, 3 draws (corr)}) 10. Rxd1
Nd5 (10... Ng4) 11. Bd4 Nxd4 12. Nxd4 Bxc5 13. Nb3 (13. Bxd5 exd5 14. Nc3 $14)
13... Bb6 14. Na3 (14. Bxd5 exd5 15. Nc3 Bg4 16. Rxd5 Rfe8 17. e3 $16 {SF16})
14... Rd8 15. Nc4 Kf8 $2 (15... Bc7 16. Rac1 $14 {SF16}) 16. Nxb6 axb6 17. e4
$18 Ke7 18. exd5 g6 19. d6+ (19. Rd2) 19... Rxd6 20. Rxd6 Kxd6 21. Rd1+ Kc7 22.
a3 Bd7 23. Bxb7 Rb8 24. Bg2 e5 25. Nd2 f5 26. Nc4 e4 27. f3 Re8 28. fxe4 Bb5
29. Nd6 1-0

[Event "Shropshire Intermediate"]
[Site "Telford"]
[Date "2024.01.14"]
[Round "4.2"]
[White "Hollands, Sam"]
[Black "Horner, Neil"]
[Result "1-0"]
[WhiteElo "1645"]
[BlackElo "1628"]
[Annotator "Van Kemenade, Rudy"]
[PlyCount "35"]
[EventDate "2024.01.12"]
[EventType "swiss"]
[EventRounds "5"]
[EventCountry "ENG"]
[SourceTitle "BritBase"]
[Source "John Saunders"]
[SourceDate "2024.04.05"]
[SourceVersion "1"]
[SourceVersionDate "2024.04.05"]
[SourceQuality "1"]

1. Nf3 d5 2. c4 e6 3. d4 c5 4. Nc3 (4. cxd5) (4. e3 {main lines}) 4... cxd4 5.
Nxd4 Nf6 {48% for Wh} (5... e5 {39 % for Wh}) 6. Bg5 (6. cxd5 Nxd5 7. Bd2 {main
}) 6... e5 (6... Be7) 7. Bxf6 (7. Nf3 d4 8. Nd5 Nc6 (8... Be7)) 7... gxf6 8.
Ndb5 (8. Nc2 d4 9. Nd5 Be6 {41% for Wh}) 8... d4 (8... a6 $19 {SF16, 1-0-3}) 9.
Nd5 Na6 10. Qa4 {5-0-2} Bd7 11. g3 Rc8 12. Bh3 Rc6 (12... Be7 13. Bxd7+ Qxd7
14. Nd6+ Kd8 15. Nxf7+ Ke8 16. Qxd7+ Kxd7 17. Nxh8 {Stahlberg-Stoltz, SWE ch m
Gothenburg 1931,1-0}) 13. Bxd7+ Kxd7 (13... Qxd7 14. Nxa7 $18) 14. Nxa7 Nc5 15.
Qb5 Kd6 16. b4 Ne6 17. Qxb7 Rxc4 (17... Qc7 18. Nb5+) 18. Nb5# 1-0

[Event "Shropshire Intermediate"]
[Site "Telford"]
[Date "2024.01.14"]
[Round "5.1"]
[White "Gillett, John"]
[Black "Pandya, Dhairya"]
[Result "0-1"]
[WhiteElo "1697"]
[BlackElo "1697"]
[Annotator "Van Kemenade, Rudy"]
[PlyCount "70"]
[EventDate "2024.01.12"]
[EventType "swiss"]
[EventRounds "5"]
[EventCountry "ENG"]
[SourceTitle "BritBase"]
[Source "John Saunders"]
[SourceDate "2024.04.05"]
[SourceVersion "1"]
[SourceVersionDate "2024.04.05"]
[SourceQuality "1"]

1. d4 Nf6 2. c4 e6 3. g3 d5 4. Bg2 Nc6 {Bl has deprived himself of a
countering of the centre by ...c5 ( though it has been played by some elite
GMs)} (4... Be7) (4... dxc4) 5. Nf3 Be7 6. O-O O-O 7. a3 (7. b3 {main}) 7... a5
8. cxd5 (8. Qc2 {transposes to 28 games, 66 % for Wh}) 8... exd5 9. Nc3 b6 (
9... Bf5 {1-1-2}) 10. Bf4 $16 (10. Qc2 Bb7 11. Rd1 Rb8 12. h4 Bd6 13. Bg5 h6
14. Bxf6 Qxf6 15. Nxd5 $18 {Fondrat-Eric Andriana, St Denis op 2019,0-1}) 10...
Bb7 11. Nb5 Ne8 12. Rc1 Bd6 13. Nxd6 Nxd6 14. Qb3 (14. Qc2) 14... Nc4 15. Rc3 (
15. e4 $16 {SF16}) 15... Qd7 16. Rfc1 Rfd8 (16... a4 17. Qc2 b5 $11 {SF16}) 17.
Qc2 Rac8 18. Ng5 $18 (18. b3 Nxa3 19. Qa2 Nb5 20. Rxc6 Bxc6 21. Ne5 $18 {SF16})
18... g6 19. Bh3 Qe7 (19... f5 20. Rxc4 dxc4 21. Qxc4+ Qd5 22. Bg2 Qxc4 23.
Rxc4 h6 24. Ne6 $18 {SF16}) 20. Bxc8 (20. Nf3 Ra8 21. b3 Nxa3 22. Qd1 a4 23.
Ne5 Nxe5 24. Rxc7 $18 {Sf16}) 20... Nxd4 21. Qd3 (21. Bxb7 Nxc2 22. R3xc2 h6
23. Nxf7 Kxf7 24. e4 c6 25. Bxc6 Ne5 26. Bxe5 Qxe5 27. Bxd5+ Ke8 28. Rc7 Rd7
29. R7c6 Qxb2 30. Re6+ Kd8 31. Rcc6 $18 {SF16- though it looks a risky line
for Wh on first human sight}) 21... Nxe2+ 22. Kf1 (22. Qxe2 Qxe2 23. Bxb7 h6
24. Nxf7 (24. Nf3 Qxb2 25. h4) 24... Kxf7 25. b3 g5 26. Bxc7 Rd7 27. bxc4 Rxc7
28. Bxd5+ Kg7 29. Re3 Qa2 30. Rd1 $14 {SF16}) 22... Nxc1 23. Rxc1 Rxc8 $19 24.
Re1 Qd7 25. Qd4 h6 26. Ne4 Qh3+ 27. Ke2 dxe4 (27... Qe6 28. Bxh6 Qxe4+ $19 {
SF16}) 28. Qxc4 Qg4+ (28... Rd8) 29. Kd2 Qd7+ 30. Ke2 (30. Kc1 Kg7 31. Rd1 Qc6
$19 {SF16}) 30... Rd8 31. h4 Bc6 32. Qc3 Bb5+ 33. Ke3 f5 (33... Qg4 {mating-
the engine starts giving away Qs to delay the process} 34. Kxe4 Re8+ 35. Kd5
Qd7+ 36. Bd6 Qxd6#) 34. Qb3+ Kh7 35. Bxc7 $2 (35. Rd1 $1 {SF16} Bd3 (35... Qd3+
36. Rxd3 Rxd3+ 37. Qxd3 Bxd3 38. Bxc7 a4 39. Bxb6 $11) (35... Qxd1 $2 36. Qf7+
Kh8 37. Be5#) 36. Qc3 c5 $17) 35... Qd2# {The Bl player wins the Intermediate
with 4.5} 0-1

[Event "Shropshire Intermediate"]
[Site "Telford"]
[Date "2024.01.14"]
[Round "5.2"]
[White "Thimmegowda, Krishnaswaroop"]
[Black "Rodger, Andrew"]
[Result "0-1"]
[WhiteElo "1669"]
[BlackElo "1601"]
[Annotator "Van Kemenade, Rudy"]
[PlyCount "104"]
[EventDate "2024.01.12"]
[EventType "swiss"]
[EventRounds "5"]
[EventCountry "ENG"]
[SourceTitle "BritBase"]
[Source "John Saunders"]
[SourceDate "2024.04.05"]
[SourceVersion "1"]
[SourceVersionDate "2024.04.05"]
[SourceQuality "1"]

1. c4 Nf6 2. g3 g6 3. Bg2 Bg7 4. Nc3 c6 5. d4 d5 {It has become a
Schlechter-Grunfeld, a cross between a Grunfeld & a Slav} 6. cxd5 cxd5 7. Nf3
O-O 8. O-O (8. Ne5 {main, as in several Karpov & Kasparov games, also in
reverse.}) 8... a6 9. Re1 Nc6 10. Bf4 e6 $146 {though it is the main reply to
an early Ne5.} 11. Rc1 $14 Qa5 (11... Ne4 $14 {SF16}) 12. a3 Bd7 13. h3 (13.
Ne5 $14 {Sf16}) 13... Rac8 14. g4 Rfe8 (14... h5 $11 {a standard response to
g4 moves aganst a Draon/King's Indian structure}) 15. e3 b5 16. g5 Nh5 17. Bd6
Qd8 18. h4 Bf8 19. Bh2 Ng7 20. e4 $16 dxe4 (20... Nh5) 21. Nxe4 $18 Nh5 22. Bd6
(22. Ne5 Nxe5 23. Bxe5 Be7 24. Bf3 f6 25. gxf6 Nxf6 26. h5 $18 {SF16}) 22... f5
23. Bxf8 (23. gxf6 Nxf6 24. Nxf6+ Qxf6 25. Bg3 Bg7 26. Rc3 $18 {SF16}) 23...
fxe4 $19 24. Bd6 exf3 25. Bxf3 Ng7 26. d5 Na5 (26... Ne7) 27. Rxc8 Bxc8 28. Be5
Nf5 29. Bf6 Qd7 30. h5 Bb7 31. b3 Bxd5 (31... exd5 $19 32. Rxe8+ Qxe8 33. Bxd5+
Kf8 $19 {SF16}) 32. Bxd5 exd5 33. Rxe8+ Qxe8 34. Qxd5+ Kf8 35. hxg6 hxg6 36. b4
Nc4 $19 37. a4 Qe1+ 38. Kg2 Nfe3+ 39. fxe3 Nxe3+ 40. Kf3 Nxd5 41. axb5 axb5 42.
Bd4 Qxb4 (42... Qf1+ 43. Bf2 Kf7 {mating-SF16} 44. Kg3 Ke6 45. Bc5 Kf5 46. Bd4
Nf4 47. Bg1 Qg2+ 48. Kh4 Qh3#) 43. Ke4 Ne7 44. Kd3 Nf5 45. Bf2 Qc4+ 46. Kd2 b4
47. Ke1 b3 48. Kd1 b2 49. Kd2 Qc1+ (49... b1=Q) 50. Ke2 b1=Q 51. Kf3 Qxg5 (
51... Qh1+ 52. Ke2 Qc2#) 52. Ke2 Qc2+ 0-1

[Event "Shropshire Minor"]
[Site "Telford"]
[Date "2024.01.12"]
[Round "1.1"]
[White "Green, Mal"]
[Black "Wilson, Jeff"]
[Result "0-1"]
[WhiteElo "1282"]
[BlackElo "1477"]
[Annotator "Van Kemenade, Rudy"]
[PlyCount "92"]
[EventDate "2024.01.12"]
[EventType "swiss"]
[EventRounds "5"]
[EventCountry "ENG"]
[SourceTitle "BritBase"]
[Source "John Saunders"]
[SourceDate "2024.04.05"]
[SourceVersion "1"]
[SourceVersionDate "2024.04.05"]
[SourceQuality "1"]

1. d4 g6 2. e3 Bg7 3. Bd3 b6 4. Nf3 Bb7 5. Nbd2 e6 (5... Nf6 {37% for Wh}) 6.
c3 Ne7 7. Qc2 d6 $11 8. Be4 $6 {helping Bl develop} (8. e4 Nd7 9. Nb3 O-O 10.
Be3 c5 11. dxc5 bxc5 12. O-O Rc8 {Lawrence-Ratnesan, 4NCL online 2020,0-1})
8... d5 $15 9. Bd3 Nd7 (9... c5) 10. a4 a6 11. a5 b5 12. b3 (12. b4 $11 {
there will be no Q side play for either side, and Wh can get a space advantage
on the K side with e4 & hopefully e5}) 12... Rc8 (12... c5 $17) 13. O-O c5 14.
Qb2 c4 (14... O-O) 15. bxc4 dxc4 16. Be4 Qc7 (16... Nd5 $17) 17. Bxb7 Qxb7 18.
e4 (18. Qc2 O-O 19. Ba3 Rfe8 20. Ne4 Nf5 21. Rfd1 $11 {SF16}) 18... O-O (18...
e5 $17) 19. Qc2 (19. e5 f6 20. exf6 Nxf6 21. Ne5 Qc7 22. Ndf3 Nfd5 $15 {SF16})
19... e5 20. Ba3 Rfe8 (20... exd4 21. Bxe7 dxc3 22. Bxf8 Kxf8 23. Nb1 b4 $17 {
SF16-the Bl pawns are worth more than the exchange}) 21. d5 Nc5 $2 (21... Rcd8
22. h4 Nf6 $17 {SF16}) 22. Rfd1 (22. d6 $18 {wins a N one way or another})
22... Red8 (22... Nd3 23. Ne1 Nxd5 24. exd5 Qxd5 25. f3 f5 26. Nf1 e4 $11 {
SF16- but Bl has more choice in moves}) 23. Nf1 $11 Kh8 24. Ne3 Ng8 25. Ng5 (
25. Bxc5 Rxc5 26. g4 $11 {SF16}) 25... h6 26. Nf3 Nd3 (26... Re8) 27. Ne1 Nxe1
28. Rxe1 Nf6 29. Rad1 (29. f3 $11) 29... Kg8 30. Qe2 $2 Nxe4 $19 31. Bb4 Nf6
32. Nf1 Nxd5 33. Qf3 Qa8 34. Ne3 Nxb4 35. cxb4 Qxf3 36. gxf3 Rxd1 37. Rxd1 Bf8
38. Nd5 Rc6 (38... c3) 39. Kf1 f5 40. Ke2 Rd6 41. h3 Kf7 42. Ke3 Rd7 43. f4
exf4+ 44. Kxf4 Ke6 45. Ne3 Rxd1 46. Nxd1 Bxb4 0-1

[Event "Shropshire Minor"]
[Site "Telford"]
[Date "2024.01.12"]
[Round "1.2"]
[White "Jones, Andrew"]
[Black "Gabriel Dragan, Cristian-Gabriel"]
[Result "1-0"]
[WhiteElo "1459"]
[BlackElo "1279"]
[Annotator "Van Kemenade, Rudy"]
[PlyCount "41"]
[EventDate "2024.01.12"]
[EventType "swiss"]
[EventRounds "5"]
[EventCountry "ENG"]
[SourceTitle "BritBase"]
[Source "John Saunders"]
[SourceDate "2024.04.05"]
[SourceVersion "1"]
[SourceVersionDate "2024.04.05"]
[SourceQuality "1"]

1. e4 e5 2. Nf3 Nc6 3. Bb5 a6 4. Ba4 b5 5. Bb3 Bc5 6. c3 d6 7. h3 h6 8. O-O Qf6
(8... Nf6 {main}) 9. d3 Nge7 10. Be3 O-O 11. Nbd2 Be6 (11... Bxe3 12. fxe3 Qg6
13. Kh2 Be6 14. Nh4 Qg5 15. Qe1 Ng6 16. Nxg6 Qxg6 17. Qg3 Qxg3+ 18. Kxg3 Bxb3
19. Nxb3 g5 $11 {Zakovic-Jambrich, SVK ch tm 2000,0-1}) 12. Bxc5 (12. Bxe6 fxe6
13. Bxc5 dxc5 14. a4 b4 15. Qe2 $16 {SF16}) 12... dxc5 13. Re1 Rad8 14. Qe2 (
14. Bxe6 Qxe6 15. Nb3 Qd6 16. Qe2 $11 {SF16}) 14... Ng6 $15 15. Qe3 Nf4 $19 16.
Bc2 Qg6 (16... Bxh3 $1 $19 17. g3 (17. gxh3 Qg6+ 18. Ng5 Qxg5+ 19. Qg3 Nxh3+
20. Kf1 Qxd2 $19) 17... Nd4 18. cxd4 cxd4 19. Nxd4 Ng2 20. Qf3 Nxe1 21. Qxf6
gxf6 22. Rxe1 Rxd4 $19 {SF16}) (16... Nd4 17. cxd4 cxd4 18. Nxd4 Rxd4 $19 {SF16
}) 17. Nh4 Qh5 (17... Qg5 18. Ndf3 Nxh3+ 19. Kf1 Qxe3 20. Rxe3 Nf4 $17 {SF16})
18. Ndf3 g5 (18... Bxh3 19. gxh3 Nxh3+ 20. Kh1 Nf4 21. Qxc5 Rd6 22. Rg1 g5 23.
Rae1 Ne7 24. Nh2 (24. Qxc7 Neg6 $19) 24... Qxh4 25. Rg4 Qh5 (25... Ne6) 26.
Qxc7 Nc8 27. Rg3 f6 $17 {SF16}) 19. Nf5 $16 g4 $2 20. hxg4 Qxg4 21. Nxh6+ 1-0

[Event "Shropshire Minor"]
[Site "Telford"]
[Date "2024.01.13"]
[Round "2.2"]
[White "Maheshwari, Shlok"]
[Black "Jones, Andrew"]
[Result "1/2-1/2"]
[WhiteElo "1330"]
[BlackElo "1459"]
[Annotator "Van Kemenade, Rudy"]
[PlyCount "141"]
[EventDate "2024.01.12"]
[EventType "swiss"]
[EventRounds "5"]
[EventCountry "ENG"]
[SourceTitle "BritBase"]
[Source "John Saunders"]
[SourceDate "2024.04.05"]
[SourceVersion "1"]
[SourceVersionDate "2024.04.05"]
[SourceQuality "1"]

1. e4 c5 2. Nf3 d6 3. Bb5+ Bd7 4. Bxd7+ Nxd7 5. Nc3 (5. O-O) (5. c4 {main lines
}) 5... Ngf6 6. d3 e6 {110 games 29% for Wh} (6... g6 {130 games,31% for Wh})
7. O-O Be7 8. Re1 O-O 9. e5 (9. h3 {25 games, 52% for Wh}) (9. Bf4 {14 gmes,
61 % for Wh}) 9... dxe5 10. Nxe5 Nxe5 11. Rxe5 Qd4 (11... Bd6 {1-1-2}) 12. Rg5
(12. Re1 c4 13. dxc4 Qxc4 14. Qe2 Rac8 {Radovic-Djordjeviv, SRB Central ch
2016,0-1}) 12... a6 (12... Nd5 13. Nxd5 {Singe-Otim, Nairobi op, 2016,0-1}) 13.
Be3 Qh4 14. g3 (14. Qf3 $11 {SF16}) 14... Qh3 $2 (14... Qb4 15. Bd2 Qb6 16. Re5
Qc6 17. b3 b5 $15 {SF16}) 15. d4 $2 (15. Ne4 $18 g6 (15... Nxe4 16. Rh5 $18)
16. Nxf6+ Bxf6 17. Rxc5 {SF16}) 15... cxd4 (15... h6 $1 16. Re5 Ng4 $19 {SF16})
16. Bxd4 h6 $2 (16... Rfd8 $19 {SF16}) 17. Bxf6 hxg5 18. Bxe7 $18 Rfe8 19. Bxg5
Kh7 20. Qd3+ g6 21. Qf3 (21. Ne4 $1 {exploits the bl square weaknesses} e5 (
21... Rec8 22. Qd4 e5 23. Qxe5 Rc6 24. Nf6+ Rxf6 25. Bxf6 Qe6 26. Qg5 $18) 22.
Nf6+ (22. Qd5) 22... Kg7 23. Nxe8+ Rxe8 24. Qf3 $18 {SF16}) 21... f5 (21... Qf5
$5) 22. Qxb7+ Kg8 23. Bf6 (23. Re1 $1 {brings the last piece into the game} Qh5
24. h4 Qh7 25. Qxh7+ Kxh7 26. Na4 Rac8 27. c3 Rc6 28. Rd1 $18 {SF16- 2 pices
and two pawns against a R, & Bl is still got holes around the K position})
23... Qh7 24. Qxh7+ Kxh7 25. Rd1 Kh6 26. Rd7 (26. h4 $1 {keeps Bl's pawns back
ward}) 26... g5 27. h4 gxh4 28. Bxh4 Kh5 29. Re7 {Wh should keep Rs on for the
moment as his R is better than either of Bl's} (29. Kg2 Rab8 30. b3 Rbc8 31.
Ne2 Rxc2 32. Nf4+ Kh6 33. Rd6 Rxa2 34. Nxe6 $18 {SF16- Bl has to be careful
not to get mated} Kh7 35. Bf6 Kg8 36. Bd4 (36. Nd4) 36... Re2 37. Ng5 Kf8 38.
Rf6+ Ke7 39. Rxa6 Rg8 40. Bc5+ Kd7 41. Nf3 Re4 42. Nd4 Rg5 43. Kf3 Rh5 44. Ra7+
Kc8 45. b4 {SF16- Bl's R can find little to do while Wh slowly advances, after
picking off the f5 pawn as well}) 29... Rxe7 30. Bxe7 Kg4 31. Kg2 Ra7 32. Bf6 (
32. Bd6 {covers f4}) 32... Rd7 33. a4 Rd2 34. b4 (34. Be5 Rxc2 35. Nd1 Rc1 36.
Ne3+ Kg5 37. a5 Rc5 38. f4+ Kg6 39. Bc3 {SF16- everything is protected and Wh
advances the K into the centre , then wins more pawns before the final advance}
) 34... Rxc2 35. b5 axb5 36. axb5 Rb2 37. Be5 $18 {this should be quite
comfotable as well, though Wh could do with getting his K active} Rb3 (37...
Rc2 38. b6 Rb2 39. Nd5 Rb3 40. Nf6+ Kg5 41. Nd7 Rb4 42. Bf4+ Kg6 43. Bc7 Kf7
44. Ne5+ Ke8 45. Kf3 {SF16-heading over to the Q side to support the b pawn})
38. Bd4 (38. f3+ Kg5 39. Kf2 Rb2+ 40. Ke3 Rb4 41. Bd6 Rb2 42. Kd4 Rf2 43. b6
Rb2 44. Kc5) 38... Rb4 39. Bf6 Rb3 (39... f4) 40. f3+ Kh5 41. Kf2 Kg6 42. Be5
Kf7 43. Ke3 Ke7 44. Kd3 (44. Kd4) 44... Rb4 45. Bd4 Kd7 46. g4 {Wh should
leave the K side pawns alone-keep pawns on when going for a win. The Q side
should be the scene of battle} (46. Bc5 Rb2 47. f4 Rg2 48. Kc4 Rxg3 49. Bd4 Kc8
50. Na4 Rf3 51. Be5 Kb7 52. Nc5+ Kb6 53. Nxe6 Ra3 54. Bd4+ Kb7 55. b6 Ka6 56.
Nd8 (56. Kd5 {though Wh can pick up the f5 pawn at any time}) 56... Ra5 57. b7
Rb5 58. Be5 Ka7 59. b8=Q+ Rxb8 60. Bxb8+ Kxb8 61. Kd5 Kc8 62. Ne6 Kd7 63. Ke5 {
SF16}) 46... fxg4 47. fxg4 e5 48. Ba7 Rxg4 {without the extra pawns it has
become more difficult. And Wh also needs to know how to mate with a B & N vs K}
49. b6 (49. Bc5 $18 Rf4 50. Kc2 Rh4 51. Kb3 Kc7 52. Nd5+ Kd7 53. Bb4 Rh2 54.
Ka4 Ra2+ 55. Ba3 Rh2 56. Ka5 Ra2 57. Kb4 Ra1 58. Nb6+ Ke6 59. Nc4 e4 60. Ne3 {
The Engine knows how to win this, but Bl has gained a lot of activity}) 49...
Kc6 $11 {the B is cut off from the centre} 50. Ne4 Kb7 51. Nc5+ Ka8 52. Nd7 $2
(52. Ke3 Rc4 $11) 52... Rd4+ 53. Ke3 Rxd7 $19 54. Ke4 Re7 55. Ke3 Kb7 (55... e4
{keeps the B away from the B, then Bl brings the K up while the R stops the B
pawn from advancing}) 56. Ke4 Kc6 $2 (56... Re8 57. Kd3 e4+ 58. Ke3 Re7 $19 {
repeating the process to Q the pawn}) 57. Bb8 Kxb6 58. Bxe5 $11 {Bl can only
win this if the B gets pinned against the K on the back rank, or the K gets
trapped in a corner} Kc6 59. Kf5 (59. Kd4 {keeps the K in the centre, a much
safer place}) 59... Kd5 60. Bg3 Rf7+ 61. Kg4 (61. Kg5) 61... Ke4 62. Bh4 (62.
Kg5) 62... Rg7+ 63. Bg5 Rg8 64. Kh4 Kf5 65. Bd2 Ke4 66. Bg5 Kf3 67. Kh5 Kg3 68.
Kh6 (68. Be3 {stays away from the corner}) 68... Kg4 69. Bf6 Kf5 70. Bg7 Rxg7
71. Kxg7 1/2-1/2

[Event "Shropshire Minor"]
[Site "Telford"]
[Date "2024.01.13"]
[Round "3.1"]
[White "Brims, Alex"]
[Black "Podmore, Lea"]
[Result "1/2-1/2"]
[WhiteElo "1433"]
[BlackElo "1453"]
[Annotator "Van Kemenade, Rudy"]
[PlyCount "90"]
[EventDate "2024.01.12"]
[EventType "swiss"]
[EventRounds "5"]
[EventCountry "ENG"]
[SourceTitle "BritBase"]
[Source "John Saunders"]
[SourceDate "2024.04.05"]
[SourceVersion "1"]
[SourceVersionDate "2024.04.05"]
[SourceQuality "1"]

1. e4 c5 2. c3 d6 (2... d5) (2... Nf6 {main lines}) 3. d4 cxd4 4. cxd4 a6 (4...
Nf6) (4... g6 {main lines}) 5. Nc3 Nc6 6. d5 (6. Nf3 {main, 74% for Wh}) 6...
Ne5 7. f4 {78% for Wh} Nd7 8. Nf3 $18 {3-0} Nc5 9. b4 Nd7 10. Qa4 (10. Bb2 Qb6
11. Qd4 Qxd4 12. Nxd4 g6 13. Ncb5 Bg7 14. Nc7+ Kf8 15. Nde6+ fxe6 16. Nxe6+ Kf7
17. Bxg7 {Chirila-Mar, San Francisco TMN 2008,1-0}) (10. Be3 Ngf6 11. Bd4 $18 {
SF16}) 10... Ngf6 11. h3 (11. e5 dxe5 12. fxe5 Ng4 13. e6 $18 {SF16}) 11... Qc7
12. Bb2 e6 13. e5 (13. dxe6 fxe6 14. Rc1 $18 {SF16}) 13... Nh5 (13... dxe5 14.
dxe6 fxe6 15. fxe5 Nh5 16. Ne4 $16 {SF16}) 14. Rc1 $18 Qb6 15. Nd1 (15. Nb5 $1
$18 {SF16}) 15... Be7 (15... dxe5 16. a3 Be7 17. Bxe5 O-O $17 {SF16}) 16. Bd4
Qd8 17. Bc4 Bh4+ (17... exd5 18. Bxd5 Nxf4 $19 {SF16}) 18. Kd2 Bg3 (18... dxe5)
19. exd6 (19. dxe6 Bxf4+ 20. Be3 fxe6 21. Nd4 b5 22. Bxb5 Bxe3+ 23. Nxe3 Nf4
24. Bc4 d5 25. Nxe6 Nxe6 26. Bxd5 O-O $11 {SF16- a rather wild Engine line})
19... O-O (19... exd5 20. Bxd5 O-O $19 {SF16}) 20. dxe6 fxe6 (20... Bxf4+ 21.
Ne3 Nb6 22. exf7+ Kh8 23. Qa5 Nxc4+ 24. Rxc4 Qxa5 25. bxa5 Be6 26. Rc7 Bxd6 27.
Rxb7 Bxf7 $11 {SF16}) 21. f5 (21. Bxe6+ Kh8 22. Rxc8 Qxc8 23. Qxd7 Bxf4+ 24.
Kd3 Qxd7 25. Bxd7 Bxd6 26. Kc4 $16 {SF16}) 21... Nb6 $19 22. Bxb6 Qxd6+ (22...
Qxb6 $19) 23. Bd4 Bf4+ (23... b5 24. Qb3 bxc4 25. Rxc4 Bb7 $17 {SF16}) 24. Ne3
(24. Kc2) 24... Kh8 (24... b5) 25. Kc3 Rd8 26. Rhd1 $18 Qc7 27. g4 e5 (27... b5
28. Qa5 Qxa5 29. bxa5 bxc4 30. gxh5 $18) 28. Bc5 Nf6 29. Rxd8+ Qxd8 30. Rd1 Bd7
31. Qc2 b6 32. Rxd7 (32. g5 $18) (32. Bd6 $18) 32... Nxd7 $19 33. Bxb6 Nxb6 34.
Kb3 Bxe3 35. Nxe5 Ra7 (35... Qd4 36. Nf7+ Kg8 37. Ne5+ Nxc4 38. Qxc4+ Qxc4+ 39.
Nxc4 Bf4 $19 {SF16}) 36. Nf7+ (36. Nc6 $11) 36... Rxf7 37. Bxf7 h6 $19 (37...
Qd7 $19) 38. Qc3 Qd7 (38... Bd2) 39. Be6 (39. Qxe3 Qxf7+ 40. Qe6 Qxe6+ 41. fxe6
Kg8 42. b5 axb5 43. Kb4 Kf8 44. Kxb5 Nc8 45. Kc6 Ke7 46. a4 Kxe6 47. a5 Ne7+
48. Kb7 Kd7 49. a6 Nc6 50. h4 g5 51. hxg5 hxg5 52. Kb6 Kd6 53. Kb7 Kd7 54. Kb6
$11 {SF16- an unusual drawing sequence}) 39... Qd1+ 40. Qc2 Qf3 (40... Qd4 $19)
41. Qd3 $18 h5 42. Qd8+ (42. g5 $18) 42... Kh7 $11 43. Qg8+ Kh6 44. Qh8+ Kg5
45. Qd8+ Kh6 1/2-1/2

[Event "Shropshire Minor"]
[Site "Telford"]
[Date "2024.01.13"]
[Round "3.2"]
[White "Gretton, Margaret"]
[Black "Chadwick, Martin"]
[Result "1-0"]
[WhiteElo "1485"]
[BlackElo "1298"]
[Annotator "Van Kemenade, Rudy"]
[PlyCount "29"]
[EventDate "2024.01.12"]
[EventType "swiss"]
[EventRounds "5"]
[EventCountry "ENG"]
[SourceTitle "BritBase"]
[Source "John Saunders"]
[SourceDate "2024.04.05"]
[SourceVersion "1"]
[SourceVersionDate "2024.04.05"]
[SourceQuality "1"]

1. e4 e5 2. Bc4 Nf6 3. Nc3 (3. d3) 3... Nc6 (3... Nxe4 4. Qh5 Nd6 5. Bb3 Nc6 6.
Nb5 g6 7. Qf3 f5 8. Qd5 Qe7 9. Nxc7+ Kd8 10. Nxa8 b6 {is the interesting
Frankenstein-Dracula var}) 4. Nf3 d6 (4... Nxe4 5. Nxe4 d5 {26 % for Wh}) 5.
Ng5 (5. d3 {main}) 5... d5 6. exd5 Na5 7. d3 (7. Bb5+ {main 65% for Wh}) 7...
Nxc4 8. dxc4 {77% for Wh} Bf5 $146 9. Qe2 Qe7 10. O-O $18 h6 11. Nge4 a6 12.
Re1 Bg4 $2 13. Nxf6+ Qxf6 14. Qxg4 Bc5 15. Ne4 1-0